000 01475nam0a2200373 4500
001 RU\NLR\bibl\797389
005 20250614124555.0
010 _a5-9524-1337-4
_93000
021 _aRU
_b2005-5450
_9274
035 _a(NLR Aleph) 000786588
090 _a1095392
_c1095392
100 _a20050512d2004 |||y0rusy50 ca
101 0 _arus
102 _aRU
105 _aa |||||||||
200 1 _aТриумф, или Жизнь Шаляпина
_e1903-1922
_eбиографический роман
_fВиктор Петелин
210 _aМосква
_cЦентрполиграф
_d2004
215 _a712, [2] с., [8] л. ил.
_cил.
_d22
300 _aЗагл. на обл.: Жизнь Шаляпина. Триумф
320 _aБиблиогр.: с. 708-711
512 1 _6z77790
_aЖизнь Шаляпина. Триумф
517 0 _aЖизнь Шаляпина
600 1 _aШаляпин
_bФ.И.
_f1873 - 1938
_gФедор Иванович
_xв художественной литературе
_91958759
_3RU\NLR\AUTH\661184067
686 _aШ6(2=Р)75-443
686 _aЩ335.413(2Р=Рус)53-86Шаляпин7
700 1 _aПетелин
_bВ.
_gВиктор Васильевич
_4070
790 1 _6z77512
_aПетелин
_bВ. В.
_gВиктор Васильевич
_4070
801 0 _aRU
_bNLR
_c20050512
_gPSBO
801 1 _aRU
_bNLR
_c20050512
942 _cBOOK
980 _aNB